1000 Most Common First Names Throughout History - Statistics

General Stats
  • This quiz has been taken 2,092 times
  • The average score is 238 of 1015
Answer Stats
Hint Answer % Correct
26 A.
99%
70 J.
97%
19 M.
97%
25 E.
96%
19 H.
95%
24 R.
95%
21 S.
95%
21 D.
94%
26 Jo
94%
34 C.
93%
24 P.
92%
15 G.
91%
16 Ma
91%
29 W.
90%
15 An
88%
1139 John
88%
36 Al
87%
52 Li
85%
17 Lu
81%
445 James
79%
332 Jose
79%
34 Will
78%
41 Ann
77%
95 Georg
77%
526 William
76%
129 Alex
75%
157 Mary
75%
442 Paul
75%
184 Chris
74%
74 Dan
74%
140 Jack
74%
17 Josep
74%
496 Michael
74%
546 David
73%
265 Joseph
73%
30 Pete
73%
314 Thomas
73%
43 Ed
72%
45 Rob
72%
24 Dani
71%
289 Henry
71%
173 Tom
71%
481 Charles
70%
260 Daniel
70%
103 Elizabeth
70%
447 George
70%
576 Robert
70%
347 Alexander
69%
156 Andre
69%
95 Ben
69%
65 Don
69%
83 Jon
69%
439 Peter
69%
95 Sam
69%
178 Anna
68%
143 Joe
68%
320 Maria
68%
188 Mark
68%
16 Bo
67%
93 Harry
67%
215 Jan
67%
78 Matt
67%
137 Victor
67%
99 Leo
66%
21 Lou
66%
81 Ali
65%
112 Anne
65%
187 Carl
65%
189 Edward
65%
159 Frank
65%
363 Richard
65%
155 Steve
65%
38 Christoph
64%
53 Donald
64%
32 Han
64%
276 Louis
64%
84 Matthew
64%
73 Benjamin
63%
83 Marc
63%
65 Julia
62%
69 Leon
62%
48 Pat
62%
97 Samuel
62%
126 Adam
61%
113 Andrew
61%
46 Emma
61%
44 Ron
61%
25 Christophe
60%
56 Emil
60%
58 Fred
60%
45 Sara
60%
94 Tim
60%
39 Victoria
60%
114 Bill
59%
43 Luke
59%
57 Phil
59%
50 Jane
58%
35 Luca
58%
153 Stephen
58%
79 Steven
58%
111 Anthony
57%
50 Eva
57%
31 Jesus
57%
200 Martin
57%
67 Oliver
57%
69 Sarah
57%
41 Julie
56%
192 Kim
56%
47 Ronald
56%
110 Bob
55%
52 Charlie
55%
158 Eric
55%
101 Francis
55%
81 Ken
55%
28 Leonard
55%
116 Patrick
55%
16 Art
54%
88 Christopher
54%
31 Emily
54%
63 Jacob
54%
102 Jim
54%
76 Nicholas
54%
17 Rose
54%
83 Catherine
53%
39 Greg
53%
156 Lee
53%
46 Lucas
53%
127 Marie
53%
27 Olivia
53%
34 Timothy
53%
183 Albert
52%
185 Christian
52%
42 Nathan
52%
133 Arthur
51%
118 Brian
51%
19 Isabel
51%
53 Jennifer
51%
147 Kevin
51%
104 Philip
51%
81 Anton
50%
24 Carol
50%
57 Lisa
50%
134 Mike
50%
69 Nick
50%
116 Simon
50%
35 Frederic
49%
243 Jean
49%
81 Joan
49%
103 Jonathan
49%
55 Josh
49%
83 Laura
49%
94 Marcus
49%
114 Margaret
49%
103 Michel
49%
25 Theo
49%
47 Abraham
48%
71 Gregory
48%
51 Jessica
48%
50 Justin
48%
62 Charlotte
47%
15 Hanna
47%
85 Jason
47%
254 Juan
47%
43 Kate
47%
83 Ryan
47%
58 Alice
46%
77 Carlo
46%
44 Helen
46%
140 Max
46%
39 Rachel
46%
46 Susan
46%
39 Theodor
46%
73 Billy
45%
201 Ivan
45%
62 Jeff
45%
76 Jimmy
45%
26 Joshua
45%
57 Julian
45%
34 Lauren
45%
44 Rick
45%
54 Aaron
44%
50 Alexandra
44%
33 Frances
44%
82 Gabriel
44%
48 Isabella
44%
28 Jake
44%
44 Leonardo
44%
27 Lewis
44%
15 Mel
44%
22 Noah
44%
34 Patricia
44%
120 Alan
43%
33 Christina
43%
20 Georgi
43%
81 Ian
43%
53 Isaac
43%
84 Louise
43%
19 Lucy
43%
57 Ray
43%
55 Sean
43%
55 Tommy
43%
119 Tony
43%
15 Vince
43%
42 Amy
42%
34 Diana
42%
17 Hannah
42%
23 Katherine
42%
42 Kenneth
42%
24 Liam
42%
20 Samantha
42%
169 Walter
42%
55 Ana
41%
27 Annie
41%
35 Brad
41%
209 Carlos
41%
59 Dave
41%
46 Harold
41%
45 Michelle
41%
15 Rosa
41%
50 Vincent
41%
112 Andrea
40%
55 Bobby
40%
41 Caroline
40%
175 Frederick
40%
51 Jeremy
40%
42 Jordan
40%
26 Rebecca
40%
28 Taylor
40%
54 Theodore
40%
78 Andy
39%
90 Barbara
39%
39 Jamie
39%
70 Johnny
39%
41 Linda
39%
92 Oscar
39%
33 Sophia
39%
30 Angela
38%
39 Christine
38%
79 Gary
38%
23 Janet
38%
39 Jun
38%
37 Karen
38%
28 Nicola
38%
52 Sophie
38%
29 Stephanie
38%
29 Amanda
37%
202 Antonio
37%
17 Danielle
37%
17 Evan
37%
66 Julius
37%
115 Mario
37%
42 Mohammed
37%
36 Nicole
37%
84 Scott
37%
15 Ai
36%
68 Danny
36%
63 Eddie
36%
34 Ellen
36%
21 Grace
36%
42 Kelly
36%
23 Paula
36%
26 Tyler
36%
128 Alfred
35%
37 Ashley
35%
54 Dennis
35%
33 Jay
35%
56 Jerry
35%
17 Josephine
35%
29 Lawrence
35%
25 Martha
35%
26 Sandra
35%
18 Bert
34%
47 Bruce
34%
70 Erik
34%
30 Jeffrey
34%
82 Johan
34%
192 Karl
34%
23 Katie
34%
26 Kyle
34%
108 Marco
34%
60 Raymond
34%
110 Roberto
34%
34 Ruth
34%
61 Adolf
33%
35 Alexis
33%
22 Diane
33%
18 Evelyn
33%
25 Gerald
33%
31 Helena
33%
16 Owen
33%
43 Robin
33%
60 August
32%
25 Brandon
32%
25 Bryan
32%
34 Dean
32%
128 Henri
32%
53 Larry
32%
21 Maxim
32%
17 Mia
32%
26 Natalie
32%
112 Pedro
32%
24 Per
32%
126 Roger
32%
20 Stan
32%
59 Adrian
31%
21 Allen
31%
24 Betty
31%
18 Claire
31%
19 Jenny
31%
25 Joey
31%
23 Marian
31%
22 Mick
31%
64 Muhammad
31%
20 Xavier
31%
17 Cameron
30%
58 Hugh
30%
26 Jackie
30%
70 Sebastian
30%
44 Terry
30%
34 Tomas
30%
18 Alicia
29%
15 Brenda
29%
19 Clara
29%
33 Dick
29%
16 Isabelle
29%
30 Jesse
29%
230 Johann
29%
165 Luis
29%
15 Megan
29%
20 Shawn
29%
28 Sofia
29%
98 Stefan
29%
21 Veronica
29%
188 Vladimir
29%
30 Dorothy
28%
42 Eleanor
28%
163 Hans
28%
21 Jill
28%
29 Joanna
28%
96 Jorge
28%
34 Keith
28%
22 Melissa
28%
18 Morgan
28%
18 Moses
28%
37 Nancy
28%
83 Ricardo
28%
17 Sharon
28%
31 Yu
28%
42 Arnold
27%
39 Barry
27%
15 Donna
27%
15 Drew
27%
16 Gil
27%
39 Howard
27%
53 Joel
27%
23 Judith
27%
100 Miguel
27%
24 Monica
27%
43 Neil
27%
65 Pablo
27%
47 Park
27%
19 Sally
27%
36 Stanley
27%
41 Ted
27%
25 Tina
27%
44 Colin
26%
15 Deborah
26%
20 Doug
26%
21 Dylan
26%
48 Edwin
26%
16 Erin
26%
121 Francisco
26%
129 Manuel
26%
15 Mitch
26%
44 Norman
26%
17 Ricky
26%
16 Teresa
26%
24 Wayne
26%
23 Alison
25%
57 Denis
25%
36 Derek
25%
27 Graham
25%
39 Jonas
25%
68 Josef
25%
56 Julio
25%
16 Wendy
25%
96 Bernard
24%
25 Dominic
24%
45 Douglas
24%
89 Felix
24%
17 Freddie
24%
36 Gordon
24%
21 Melanie
24%
104 Nicolas
24%
42 Nina
24%
16 Robbie
24%
58 Roman
24%
21 Ross
24%
24 Willy
24%
16 Wilson
24%
82 Alberto
23%
15 Audrey
23%
48 Edgar
23%
55 Eduard
23%
106 Ferdinand
23%
99 Fernando
23%
22 Florence
23%
44 Franco
23%
16 Geoff
23%
15 Lukas
23%
15 Lynn
23%
20 Pauline
23%
182 Pierre
23%
30 Simone
23%
28 Vanessa
23%
33 Alejandro
22%
30 Allan
22%
26 Angelo
22%
19 Augustus
22%
83 Boris
22%
24 Edith
22%
74 Ernest
22%
28 Eugen
22%
65 Hugo
22%
54 Javier
22%
25 Lev
22%
17 Petr
22%
55 Ralph
22%
69 Roy
22%
19 Warren
22%
23 Abel
21%
40 Anders
21%
33 Beatrice
21%
76 Claude
21%
85 Diego
21%
45 Edmund
21%
30 Gene
21%
17 Glen
21%
25 Heather
21%
53 Herbert
21%
20 Jacqueline
21%
15 Lena
21%
44 Natalia
21%
30 Nelson
21%
36 Nikola
21%
19 Raphael
21%
30 Stuart
21%
15 Valerie
21%
112 Wilhelm
21%
63 Ahmed
20%
28 Benedict
20%
24 Carmen
20%
22 Chad
20%
40 Craig
20%
18 Daniela
20%
21 Darren
20%
50 Eduardo
20%
47 Elena
20%
17 Gina
20%
17 Hal
20%
31 Irene
20%
73 Johannes
20%
40 Kenny
20%
156 Otto
20%
48 Paulo
20%
16 Teddy
20%
27 Chuck
19%
71 Eugene
19%
121 Franz
19%
145 Giovanni
19%
21 Gloria
19%
29 Herman
19%
16 Jared
19%
21 Lionel
19%
30 Markus
19%
17 Martina
19%
90 Maurice
19%
15 Natasha
19%
43 Omar
19%
39 Philipp
19%
27 Ronnie
19%
22 Shane
19%
16 Solomon
19%
27 Tobias
19%
28 Virginia
19%
19 Willie
19%
77 Andreas
18%
35 Claudia
18%
44 Emmanuel
18%
36 Geoffrey
18%
58 Gustav
18%
129 Jacques
18%
51 Jules
18%
20 Kathleen
18%
29 Leslie
18%
18 Marianne
18%
59 Mohamed
18%
39 Mohammad
18%
27 Randy
18%
83 Rene
18%
20 Rita
18%
23 Russell
18%
15 Seth
18%
30 Toni
18%
21 Trevor
18%
30 Valentin
18%
33 Vera
18%
15 Wallace
18%
37 Agnes
17%
17 Alvin
17%
58 Antoine
17%
19 Elias
17%
36 Enrique
17%
33 Felipe
17%
15 Marin
17%
29 Matteo
17%
45 Maximilian
17%
18 Mika
17%
69 Rafael
17%
63 Ramon
17%
15 Reginald
17%
15 Sasha
17%
22 Camille
16%
28 Dana
16%
74 Elisabeth
16%
45 Emile
16%
27 Emilio
16%
68 Kurt
16%
67 Luigi
16%
29 Malcolm
16%
17 Marvin
16%
15 Nicky
16%
63 Olga
16%
52 Paolo
16%
19 Rupert
16%
17 Sylvia
16%
25 Wu
16%
27 Abd
15%
19 Anastasia
15%
36 Artur
15%
16 Dwight
15%
93 Igor
15%
16 Kristin
15%
55 Wolfgang
15%
17 Yvonne
15%
36 Abdul
14%
17 Anderson
14%
34 Andres
14%
36 Anita
14%
25 Filip
14%
109 Francesco
14%
53 Gerard
14%
25 Gilbert
14%
40 Hector
14%
34 Jerome
14%
15 Johanna
14%
61 Marcel
14%
22 Nigel
14%
16 Percy
14%
22 Shirley
14%
19 Todd
14%
16 Valentina
14%
56 Wang
14%
18 Brendan
13%
33 Clement
13%
108 Francois
13%
17 Gertrude
13%
37 Glenn
13%
17 Horace
13%
26 Hubert
13%
20 Jeanne
13%
60 Ludwig
13%
20 Marta
13%
29 Roland
13%
19 Spencer
13%
97 Viktor
13%
51 Alexandre
12%
38 Alfredo
12%
23 Armand
12%
107 Bruno
12%
18 Cecilia
12%
35 Chen
12%
23 Constance
12%
36 Cristian
12%
17 Dale
12%
17 Earl
12%
15 Gabriela
12%
52 Guy
12%
19 Ida
12%
31 Jaime
12%
29 Jakob
12%
51 Lars
12%
17 Lloyd
12%
45 Lorenzo
12%
38 Marcos
12%
31 Marina
12%
20 Petra
12%
43 Raul
12%
79 Sergio
12%
26 Sidney
12%
29 Sun
12%
56 Alessandro
11%
25 Arturo
11%
23 Axel
11%
20 Brett
11%
40 Conrad
11%
15 Giorgi
11%
90 Giuseppe
11%
92 Heinrich
11%
39 Matthias
11%
42 Rodrigo
11%
55 Ruben
11%
29 Santiago
11%
21 Serge
11%
22 Constantin
10%
18 Duncan
10%
27 Fabian
10%
137 Friedrich
10%
38 Guillermo
10%
20 Helene
10%
36 Ibrahim
10%
16 Israel
10%
17 Ivo
10%
40 Jens
10%
19 Julien
10%
21 Karin
10%
40 Klaus
10%
38 Liu
10%
37 Marko
10%
75 Nikolai
10%
15 Olaf
10%
16 Ole
10%
29 Olivier
10%
15 Pal
10%
81 Philippe
10%
60 Pietro
10%
89 Rudolf
10%
28 Sven
10%
18 Tamara
10%
37 Abdullah
9%
57 Alfonso
9%
15 Amir
9%
19 Augusta
9%
23 Cedric
9%
35 Cesar
9%
16 Corey
9%
17 Emanuel
9%
23 Ernesto
9%
15 Frederik
9%
82 Georges
9%
34 Giorgio
9%
21 Ingrid
9%
15 Karol
9%
15 Kathryn
9%
15 Kristina
9%
64 Leopold
9%
107 Mikhail
9%
16 Nguyen
9%
27 Oskar
9%
15 Pius
9%
18 Salvador
9%
17 Sonny
9%
29 Stefano
9%
53 Yuri
9%
46 Alain
8%
36 Claudio
8%
26 Daniele
8%
19 Davide
8%
32 Dominique
8%
21 Edmond
8%
18 Enzo
8%
62 Fritz
8%
19 Gianni
8%
28 Gustavo
8%
25 Henrik
8%
20 Janis
8%
27 Joaquin
8%
26 Michele
8%
17 Milton
8%
17 Nadine
8%
16 Oswald
8%
71 Pavel
8%
15 Piotr
8%
19 Salvatore
8%
24 Vincenzo
8%
20 Yves
8%
20 Adelaide
7%
33 Alexei
7%
21 Bernardo
7%
15 Clive
7%
38 Constantine
7%
15 Cristina
7%
30 Dmitri
7%
15 Emiliano
7%
24 Enrico
7%
52 Federico
7%
21 Gunther
7%
17 Gustaf
7%
36 Harald
7%
45 Joao
7%
21 Junior
7%
75 Lucius
7%
15 Madeleine
7%
32 Michal
7%
22 Mikael
7%
46 Milan
7%
15 Nathalie
7%
21 Norbert
7%
23 Pascal
7%
100 Sergei
7%
23 Titus
7%
30 Willem
7%
34 Yang
7%
58 Abu
6%
36 Ahmad
6%
65 Andrei
6%
18 Bertrand
6%
33 Bjorn
6%
23 Cyril
6%
18 Dorothea
6%
107 Ernst
6%
19 Frans
6%
16 Gabriele
6%
40 Guillaume
6%
20 Hassan
6%
31 Heinz
6%
79 Hermann
6%
16 Innocent
6%
33 Laurent
6%
37 Leonid
6%
22 Luciano
6%
17 Magdalena
6%
43 Magnus
6%
24 Mustafa
6%
32 Sebastien
6%
25 Sho
6%
27 Tatiana
6%
59 Zhang
6%
67 Aleksandr
5%
18 Blanche
5%
26 Dirk
5%
42 Fabio
5%
27 Florian
5%
19 Francoise
5%
23 Helmut
5%
23 Irina
5%
46 Joachim
5%
33 Jurgen
5%
20 Karim
5%
20 Lucien
5%
20 Manfred
5%
48 Marcelo
5%
15 Mathieu
5%
23 Nils
5%
36 Oleg
5%
25 Sandro
5%
20 Silvio
5%
16 Song
5%
27 Stephane
5%
33 Werner
5%
22 Xu
5%
21 Adolfo
4%
22 Aldo
4%
24 Aleksander
4%
19 Alphonse
4%
16 Augusto
4%
20 Bela
4%
17 Brigitte
4%
28 Dario
4%
15 Dieter
4%
51 Dmitry
4%
29 Edouard
4%
52 Erich
4%
22 Erwin
4%
30 Etienne
4%
15 Franck
4%
23 Fyodor
4%
34 Gaston
4%
29 Gerhard
4%
23 Giacomo
4%
30 Guido
4%
19 Gustave
4%
16 Ignacio
4%
27 Ion
4%
21 Konrad
4%
17 Luiz
4%
19 Marguerite
4%
26 Mauricio
4%
18 Mikel
4%
18 Milos
4%
18 Nana
4%
18 Nino
4%
27 Pyotr
4%
16 Ralf
4%
17 Rolf
4%
67 Sergey
4%
31 Svetlana
4%
24 Ulrich
4%
19 Valery
4%
33 Akira
3%
18 Albrecht
3%
43 Alvaro
3%
47 Andrey
3%
15 Antonin
3%
18 Benoit
3%
23 Bernd
3%
30 Bernhard
3%
15 Cao
3%
28 Danilo
3%
22 Didier
3%
18 DJ
3%
29 Domenico
3%
15 Filippo
3%
17 Fredrik
3%
55 Gaius
3%
15 Giulio
3%
18 Godfrey
3%
26 Gunnar
3%
18 Gunter
3%
17 Hendrik
3%
19 Ilya
3%
22 Ismail
3%
15 Jordi
3%
24 Josip
3%
38 Jozef
3%
18 Jung
3%
17 Kang
3%
38 Karel
3%
46 Konstantin
3%
37 Leandro
3%
17 Mahmoud
3%
29 Mariano
3%
17 Moritz
3%
20 Nestor
3%
17 Niccolo
3%
17 Pawel
3%
26 Pieter
3%
22 Riccardo
3%
16 Rui
3%
17 Shin
3%
30 Stanislaw
3%
16 Thiago
3%
16 Tomasz
3%
15 Uwe
3%
33 Vicente
3%
15 Vittorio
3%
17 Vladislav
3%
16 Yelena
3%
21 Zhou
3%
24 Alexey
2%
25 Anatoly
2%
25 Auguste
2%
21 Baldwin
2%
15 Boniface
2%
28 Choi
2%
16 Eugenio
2%
25 Ferenc
2%
21 Georgy
2%
16 Gianluca
2%
17 Gilles
2%
21 Gonzalo
2%
28 Goran
2%
24 Gottfried
2%
23 Grigory
2%
16 Horst
2%
31 Jean-Pierre
2%
40 Kenji
2%
25 Marek
2%
21 Massimo
2%
21 Miroslav
2%
16 Natalya
2%
57 Nikolay
2%
16 Nikos
2%
18 Oleksandr
2%
19 Piero
2%
15 Raoul
2%
15 Romain
2%
18 Sancho
2%
23 Stanislav
2%
52 Vasily
2%
21 Walther
2%
15 Wim
2%
79 Yuki
2%
17 Zhao
2%
16 Abbas
1%
15 Adalbert
1%
19 Agustin
1%
30 Aleksandar
1%
21 Aleksei
1%
20 Aleksey
1%
15 Andriy
1%
21 Andrzej
1%
15 Ante
1%
16 Big
1%
17 Cesare
1%
17 Demetrius
1%
17 Dragan
1%
21 Evgeny
1%
25 Frantisek
1%
21 Georgios
1%
21 Gyorgy
1%
17 Hideki
1%
44 Hiroki
1%
50 Hiroshi
1%
18 Ioannis
1%
22 Istvan
1%
18 Jaroslav
1%
44 Jean-Baptiste
1%
18 Jean-Francois
1%
22 Jerzy
1%
27 Jiri
1%
19 Kazimierz
1%
18 Kazuya
1%
46 Koji
1%
16 Konstantinos
1%
16 Kostas
1%
37 Laszlo
1%
20 Lyudmila
1%
15 Mariya
1%
29 Masahiro
1%
25 Mauro
1%
19 Mehdi
1%
16 Miklos
1%
15 Nadezhda
1%
35 Naoki
1%
21 Nicolae
1%
20 Petar
1%
21 Ptolemy
1%
38 Publius
1%
35 Quintus
1%
25 Renato
1%
17 Ruslan
1%
36 Ryo
1%
19 Sandor
1%
36 Satoshi
1%
19 Shinji
1%
56 Takashi
1%
32 Takeshi
1%
57 Takuya
1%
23 Tatyana
1%
15 Vaclav
1%
23 Vyacheslav
1%
26 Wladyslaw
1%
43 Yuji
1%
16 Yuliya
1%
22 Yury
1%
46 Yusuke
1%
22 Zoltan
1%
25 Zoran
1%
16 Alex
0%
16 Alexandru
0%
26 Angel
0%
20 Antiochus
0%
15 Ashikaga
0%
23 Atsushi
0%
15 Branko
0%
33 Daiki
0%
41 Daisuke
0%
15 Dusan
0%
24 Gnaeus
0%
20 Gyula
0%
17 Hayato
0%
28 Hiroyuki
0%
15 Hitoshi
0%
15 Ivica
0%
33 Kazuki
0%
30 Keisuke
0%
19 Keita
0%
16 Kenichi
0%
30 Kenta
0%
20 Kentaro
0%
44 Kohei
0%
24 Koichi
0%
28 Koki
0%
26 Kosuke
0%
22 Kota
0%
15 Lajos
0%
30 Makoto
0%
17 Maksim
0%
15 Masaaki
0%
22 Masaki
0%
17 Masashi
0%
30 Masato
0%
16 Naoto
0%
15 Naoya
0%
23 Ryosuke
0%
30 Ryota
0%
22 Ryuji
0%
16 Satoru
0%
15 Shingo
0%
24 Shinya
0%
23 Shogo
0%
20 Shohei
0%
30 Shota
0%
16 Shuhei
0%
29 Takahiro
0%
20 Takayuki
0%
19 Takuma
0%
22 Takumi
0%
34 Tatsuya
0%
24 Tetsuya
0%
16 Tokugawa
0%
32 TomU
0%
19 Toru
0%
16 Tsuyoshi
0%
15 Wojciech
0%
16 Yasuhiro
0%
23 Yevgeny
0%
21 Yohei
0%
26 Yosuke
0%
16 Yuriy
0%
26 Yuta
0%
16 Yuto
0%
24 Yuya
0%
15 Zeljko
0%
No matching quizzes found
Score Distribution
Percent of People with Each Score
Percentile by Number Answered
Your Score History
You have not taken this quiz